| Registos Bibliográficos associados ao registo de autoridade |
|
Etiqueta de registo: 00254nam 2200025 450 001 2154166 003 http://id.bnportugal.gov.pt/bib/catbnp/2154166 010 ## $a978-989-53046-7-7 021 ## $aPT$b514217/23 100 ## $a20240125d2023 m y0pory01030103ba 101 0# $apor$aeng 102 ## $aPT 105 ## $aa b 000yy 106 ## $ar 200 1# $aOxímoro$dOxymoron$ftextos Nicolas de Oliveira, Nicola Oxley, Sérgio Fazenda Rodrigues$gtrad. Mathieu Fleury$gfot. João Grama$zeng 210 #9 $a[S.l.]$cKindred Spirit,$d2023 215 ## $a84, [4] p.$cil.$d24 cm 305 ## $aEd. bilingue em português e inglês 510 1# $aOxymoron$zeng 675 ## $a7.038.5(=1:469)"20"(083.82)$vBN$zpor$31278225 675 ## $a7.038.5(=1:489)"19/20"(083.82)$vBN$zpor$31769715 675 ## $a7.038.5Pavão, Henrique(083.82)$vBN$zpor$31840333 675 ## $a7.038.5Koester, Joachim(083.82)$vBN$zpor$31908084 700 #1 $aOliveira,$bNicolas de$31904633 701 #1 $aRodrigues,$bSérgio Fazenda,$f1973-$4070$31236760 701 #1 $aOxley,$bNicola$4070$31904635 702 #1 $aGrama,$bJoão,$f1975-$4600$31904642 702 #1 $aFleury,$bMathieu,$f1985-$4730$31800305 801 #0 $aPT$bBN$gRPC 856 41 $uhttp://rnod.bnportugal.gov.pt/ImagesBN/winlibimg.aspx?skey=&doc=2154166&img=189968&save=true 900 ## $aBIBNAC$d20240304 966 ## $lBN$mFGMON$sB.A. 50632 V.$x1 966 ## $lBN$mFGMON$sB.A. 50632 V.-D$x1 971 ## $cabrito$d20240125 972 ## $e0$z0$d20240304$vmsebas 973 ## $cacosta$d20240223
Etiqueta de registo: 00254nam 2200025 450 001 2286207 003 http://id.bnportugal.gov.pt/bib/catbnp/2286207 010 ## $a978-972-739-465-4 021 ## $aPT$b559235/26 100 ## $a20260512d2026 m y0pory01030103ba 101 0# $apor$aeng 102 ## $aPT 105 ## $aa b 000yy 106 ## $ar 200 1# $aAuto dos anfitriões$eobras da coleção da Fundação Leal Rios na coleção de Serralves$d The act of the hosts$eworks from the Fundação Leal Rios collection in the Serralves collection$fconceção e textos Ricardo Nicolau$gtextos Miguel Leal Rios, Nicolas de Oliveira, Nicola Oxley$gtrad. John Elliot, Maria Leitão, Sílvia Sacadura$ffot. Filipe Braga, Bruno Lopes, João Biscainho$zeng 210 #9 $aPorto$cFundação Serralves,$d2026 215 ## $a165, [11] p.$cil.$d32 cm 305 ## $aEd. bilingue em português e inglês 510 1# $a The act of the hosts$eworks from the Fundação Leal Rios collection in the Serralves collection$zeng 700 #1 $aNicolau,$bRicardo$31477021 702 #1 $aRios,$bMiguel Leal$4070$31998229 702 #1 $aOliveira,$bNicolas de$4070$31904633 702 #1 $aOxley,$bNicola$4070$31904635 702 #1 $aElliot Junior,$bJohn R.$4730$3328452 702 #1 $aLeitão,$bMaria,$f1985-$4730$31774840 702 #1 $aSacadura,$bSílvia$4730$31241959 702 #1 $aBraga,$bFilipe$4600$3984696 702 #1 $aLopes,$bBruno,$f1985-$4600$31392251 702 #1 $aBiscainho,$bJoão,$f1979-$4600$31416611 801 #0 $aPT$bBN$gRPC 966 ## $lBN$mFGMON$x1 966 ## $lBN$mFGMON$x1 971 ## $ciquintas$d20260512
|
|
|